[Event "c14"]
[Site "?"]
[Date "2020.08.25"]
[Round "9.11"]
[White "Wnek, Filip"]
[Black "Kutowski, Marcel"]
[Result "1/2-1/2"]
[BlackElo "1819"]
[WhiteElo "1673"]
[LiveChessVersion "1.4.8"]

1. e4 {[%clk 0:15:17]} c6 {[%clk 0:15:19]} 2. d4 {[%clk 0:15:26]} d5
{[%clk 0:15:28]} 3. exd5 {[%clk 0:15:34]} cxd5 {[%clk 0:15:37]} 4. Bd3
{[%clk 0:15:43]} Nc6 {[%clk 0:15:46]} 5. c3 {[%clk 0:15:52]} Qc7 {[%clk 0:15:55]}
6. h3 {[%clk 0:15:59]} Nf6 {[%clk 0:16:03]} 7. Nf3 {[%clk 0:16:08]} g6
{[%clk 0:16:00]} 8. O-O {[%clk 0:16:11]} Bg7 {[%clk 0:16:09]} 9. Nbd2
{[%clk 0:15:52]} O-O {[%clk 0:16:12]} 10. Qe2 {[%clk 0:15:39]} Bf5
{[%clk 0:16:10]} 11. Bxf5 {[%clk 0:15:46]} gxf5 {[%clk 0:16:19]} 12. Ne1
{[%clk 0:15:55]} e6 {[%clk 0:16:25]} 13. Nd3 {[%clk 0:16:01]} b5 {[%clk 0:14:45]}
14. Nf3 {[%clk 0:15:33]} Ne4 {[%clk 0:14:13]} 15. Bf4 {[%clk 0:15:30]} Qe7
{[%clk 0:14:16]} 16. Nde5 {[%clk 0:14:51]} Nxe5 {[%clk 0:13:51]} 17. Nxe5
{[%clk 0:14:59]} b4 {[%clk 0:11:50]} 18. Nc6 {[%clk 0:14:45]} Qh4
{[%clk 0:11:58]} 19. Bg3 {[%clk 0:12:35]} Nxg3 {[%clk 0:12:05]} 20. fxg3
{[%clk 0:12:43]} Qxg3 {[%clk 0:12:12]} 21. Nxb4 {[%clk 0:12:51]} Rab8
{[%clk 0:11:52]} 22. Nd3 {[%clk 0:12:59]} Kh8 {[%clk 0:11:24]} 23. Nf4
{[%clk 0:13:01]} Bh6 {[%clk 0:08:38]} 24. Rf3 {[%clk 0:12:20]} Qh4
{[%clk 0:08:45]} 25. Raf1 {[%clk 0:11:49]} Bxf4 {[%clk 0:08:22]} 26. Rxf4
{[%clk 0:11:56]} Qh6 {[%clk 0:08:13]} 27. b3 {[%clk 0:11:07]} Rbc8
{[%clk 0:07:31]} 28. R1f3 {[%clk 0:09:26]} Qg7 {[%clk 0:07:10]} 29. Qf2
{[%clk 0:08:48]} Rg8 {[%clk 0:06:29]} 30. Kh2 {[%clk 0:08:33]} a5
{[%clk 0:06:22]} 31. g4 {[%clk 0:08:02]} fxg4 {[%clk 0:06:07]} 32. Rxg4
{[%clk 0:08:07]} Qh6 {[%clk 0:04:54]} 33. Rxg8+ {[%clk 0:06:12]} Kxg8
{[%clk 0:05:03]} 34. Qg3+ {[%clk 0:04:53]} Qg6 {[%clk 0:03:47]} 35. Qf4
{[%clk 0:04:09]} Kh8 {[%clk 0:00:20]} 36. Qe5+ {[%clk 0:04:08]} Qg7
{[%clk 0:00:23]} 37. Qxg7+ {[%clk 0:02:56]} Kxg7 {[%clk 0:00:32]} 38. Kg3
{[%clk 0:03:05]} 1/2-1/2

[Event "c14"]
[Site "?"]
[Date "2020.08.25"]
[Round "9.12"]
[White "Rzenca, Jerzy"]
[Black "Kejna, Piotr"]
[Result "1/2-1/2"]
[BlackElo "1812"]
[WhiteElo "1608"]
[LiveChessVersion "1.4.8"]

1. e4 c5 2. Nc3 d6 3. f4 g6 4. Nf3 Bg7 5. Bb5+ Bd7 6. Bxd7+ Qxd7 7. d3 Nc6 8. O-O
Nf6 9. Qe1 O-O 10. Qh4 a6 11. f5 Ne5 12. Bh6 Bxh6 13. Qxh6 Nxf3+ 14. Rxf3 Kh8 15.
Rh3 Rg8 16. Nd5 Rg7 17. Nb6 Qd8 18. Nxa8 Qxa8 19. Qf4 b5 20. Qf3 g5 21. g4 h5 22.
Qg2 h4 23. Re3 Nd7 24. Rd1 Ne5 25. b3 Qa7 26. h3 Rg8 27. Qd2 Rc8 28. c4 f6 29.
Qa5 Rb8 30. cxb5 Rxb5 31. Qc3 Rb4 32. a3 Rd4 33. b4 cxb4 34. axb4 Rxb4 1/2-1/2

[Event "c14"]
[Site "?"]
[Date "2020.08.25"]
[Round "10.1"]
[White "Malek, Jan"]
[Black "Paprocki, Antoni"]
[Result "0-1"]
[BlackElo "1843"]
[WhiteElo "1843"]
[LiveChessVersion "1.4.8"]

1. e4 {[%clk 0:15:10]} c5 {[%clk 0:15:20]} 2. c3 {[%clk 0:15:17]} d5
{[%clk 0:15:29]} 3. exd5 {[%clk 0:15:26]} Qxd5 {[%clk 0:15:37]} 4. d4
{[%clk 0:15:35]} Nc6 {[%clk 0:15:46]} 5. Nf3 {[%clk 0:15:43]} cxd4
{[%clk 0:15:54]} 6. cxd4 {[%clk 0:15:52]} e5 {[%clk 0:16:03]} 7. Nc3
{[%clk 0:16:00]} Bb4 {[%clk 0:16:12]} 8. Bd2 {[%clk 0:15:58]} Bxc3
{[%clk 0:16:20]} 9. Bxc3 {[%clk 0:16:04]} e4 {[%clk 0:16:29]} 10. Ne5
{[%clk 0:16:13]} Nxe5 {[%clk 0:16:38]} 11. dxe5 {[%clk 0:16:20]} Ne7
{[%clk 0:16:46]} 12. Qa4+ {[%clk 0:12:55]} Bd7 {[%clk 0:16:55]} 13. Qa3
{[%clk 0:13:05]} Qe6 {[%clk 0:17:02]} 14. Rd1 {[%clk 0:12:41]} O-O
{[%clk 0:16:31]} 15. Rd4 {[%clk 0:12:33]} Bc6 {[%clk 0:15:43]} 16. Be2
{[%clk 0:10:42]} Nf5 {[%clk 0:15:24]} 17. Rd1 {[%clk 0:07:53]} Rfd8
{[%clk 0:12:46]} 18. Rxd8+ {[%clk 0:06:52]} Rxd8 {[%clk 0:12:54]} 19. Bg4
{[%clk 0:06:11]} Nd4 {[%clk 0:09:37]} 20. Bxd4 {[%clk 0:02:20]} Qxg4
{[%clk 0:09:44]} 21. Qb4 {[%clk 0:01:47]} Qd7 {[%clk 0:09:19]} 22. Qd6
{[%clk 0:01:25]} Qc8 {[%clk 0:08:52]} 23. Qb4 {[%clk 0:01:29]} a5
{[%clk 0:08:51]} 24. Qd2 {[%clk 0:01:38]} Bb5 {[%clk 0:08:38]} 25. b3
{[%clk 0:01:12]} Ba6 {[%clk 0:07:05]} 26. f3 {[%clk 0:01:00]} e3 {[%clk 0:06:37]}
27. Qxe3 {[%clk 0:00:21]} Qc2 {[%clk 0:06:40]} 0-1

[Event "c14"]
[Site "?"]
[Date "2020.08.25"]
[Round "10.2"]
[White "Klimkowski, Jan"]
[Black "Trzebinski, Patryk"]
[Result "1-0"]
[BlackElo "1815"]
[WhiteElo "1998"]
[LiveChessVersion "1.4.8"]

1. d4 e5 2. c4 Nf6 3. dxe5 Ne4 4. Nf3 Nc6 5. e3 Bb4+ 6. Nbd2 Qe7 7. a3 Nxd2 8.
Nxd2 Bxd2+ 9. Bxd2 Nxe5 10. Be2 d6 11. O-O h5 12. Bc3 Bf5 13. c5 O-O-O 14. Qa4
Kb8 15. cxd6 cxd6 16. Rad1 Bd7 17. Qd4 Bc6 18. Bb4 Kc7 19. Qxa7 Qg5 20. e4 Bxe4
21. f3 Nc6 22. Qf2 Bc2 23. Rc1 Ba4 24. f4 Qf5 25. Bc3 Rhe8 26. Rfe1 f6 27. Qf3
Qc5+ 28. Qf2 Qxf2+ 29. Kxf2 d5 30. Bxh5 Rxe1 31. Rxe1 d4 32. Bd2 Rh8 33. Bg4 Rxh2
34. Bh3 Kd6 35. Kg3 Rxh3+ 36. gxh3 Kd5 37. Kf2 Kc4 38. Rg1 Kd3 39. Be1 Ke4 40.
Rxg7 Kxf4 41. h4 Bd1 42. Rf7 f5 43. Bd2+ Ke4 44. Rxb7 Kd3 45. Bf4 Ke4 46. Bd6 d3
47. Bb4 Bb3 48. Bd2 Bd1 49. a4 Ne5 50. Rb4+ Kd5 51. a5 Ng4+ 52. Ke1 Ne5 53. Kxd1
1-0

[Event "c14"]
[Site "?"]
[Date "2020.08.25"]
[Round "10.3"]
[White "Wieczorek, Mikolaj"]
[Black "Karolczuk, Iwo"]
[Result "0-1"]
[BlackElo "1951"]
[WhiteElo "1550"]
[LiveChessVersion "1.4.8"]

1. e4 {[%clk 0:15:19]} c5 {[%clk 0:15:19]} 2. Nf3 {[%clk 0:15:28]} e6
{[%clk 0:14:42]} 3. d4 {[%clk 0:15:36]} cxd4 {[%clk 0:14:50]} 4. Nxd4
{[%clk 0:15:45]} a6 {[%clk 0:15:00]} 5. c4 {[%clk 0:15:46]} Nf6 {[%clk 0:15:08]}
6. Nc3 {[%clk 0:15:55]} Bb4 {[%clk 0:15:13]} 7. Qd3 {[%clk 0:15:57]} Qc7
{[%clk 0:15:22]} 8. Be2 {[%clk 0:15:37]} O-O {[%clk 0:15:18]} 9. O-O
{[%clk 0:14:01]} Nc6 {[%clk 0:15:26]} 10. Nc2 {[%clk 0:12:44]} Bxc3
{[%clk 0:15:31]} 11. bxc3 {[%clk 0:12:52]} Ne5 {[%clk 0:15:26]} 12. Qg3
{[%clk 0:12:06]} Nxe4 {[%clk 0:15:28]} 13. Qe3 {[%clk 0:10:49]} f5
{[%clk 0:14:13]} 14. Ba3 {[%clk 0:09:56]} d6 {[%clk 0:13:03]} 15. f3
{[%clk 0:09:15]} Nc5 {[%clk 0:12:46]} 16. Rad1 {[%clk 0:08:32]} b6
{[%clk 0:12:23]} 17. f4 {[%clk 0:07:41]} Nf7 {[%clk 0:12:17]} 18. Nd4
{[%clk 0:07:03]} Bd7 {[%clk 0:10:53]} 19. Bf3 {[%clk 0:05:14]} Rac8
{[%clk 0:10:49]} 20. Rfe1 {[%clk 0:04:57]} Rfe8 {[%clk 0:10:57]} 21. Qc1
{[%clk 0:04:10]} e5 {[%clk 0:10:28]} 22. fxe5 {[%clk 0:03:47]} dxe5
{[%clk 0:10:36]} 23. Nb3 {[%clk 0:03:56]} e4 {[%clk 0:10:36]} 24. Nxc5
{[%clk 0:03:57]} bxc5 {[%clk 0:10:42]} 25. Bh5 {[%clk 0:04:03]} g6
{[%clk 0:10:46]} 26. Be2 {[%clk 0:04:11]} Be6 {[%clk 0:09:58]} 27. Qe3
{[%clk 0:04:04]} Ne5 {[%clk 0:09:18]} 28. Qg3 {[%clk 0:03:42]} Bxc4
{[%clk 0:07:09]} 29. Bc1 {[%clk 0:03:18]} Bxe2 {[%clk 0:05:36]} 30. Rxe2
{[%clk 0:03:26]} Nf7 {[%clk 0:05:31]} 31. Bf4 {[%clk 0:03:28]} Qe7
{[%clk 0:05:36]} 32. Red2 {[%clk 0:03:30]} Rcd8 {[%clk 0:05:35]} 33. h4
{[%clk 0:03:14]} Rxd2 {[%clk 0:04:41]} 34. Rxd2 {[%clk 0:03:23]} Rd8
{[%clk 0:04:46]} 35. Rxd8+ {[%clk 0:03:11]} Qxd8 {[%clk 0:04:53]} 36. h5
{[%clk 0:02:54]} Qd1+ {[%clk 0:05:02]} 37. Kh2 {[%clk 0:02:59]} Qxh5+
{[%clk 0:05:10]} 38. Kg1 {[%clk 0:03:07]} Qd1+ {[%clk 0:05:18]} 39. Kh2
{[%clk 0:03:17]} Qd8 {[%clk 0:04:52]} 40. Kg1 {[%clk 0:02:58]} Qf6
{[%clk 0:03:39]} 41. Bd2 {[%clk 0:02:58]} g5 {[%clk 0:03:43]} 42. Qb8+
{[%clk 0:03:07]} Kg7 {[%clk 0:03:50]} 43. Bc1 {[%clk 0:02:59]} Qd6
{[%clk 0:03:48]} 44. Qxd6 {[%clk 0:03:05]} Nxd6 {[%clk 0:03:56]} 45. Bxg5
{[%clk 0:03:14]} Nb5 {[%clk 0:03:46]} 46. c4 {[%clk 0:03:17]} Nd6
{[%clk 0:03:49]} 47. Be7 {[%clk 0:03:25]} Nxc4 {[%clk 0:03:53]} 48. Bxc5
{[%clk 0:03:33]} Kf6 {[%clk 0:03:52]} 49. Kf2 {[%clk 0:03:40]} f4
{[%clk 0:03:38]} 50. Ke2 {[%clk 0:03:47]} Kf5 {[%clk 0:03:45]} 51. Ba7
{[%clk 0:03:49]} h5 {[%clk 0:03:47]} 52. Bc5 {[%clk 0:03:49]} e3 {[%clk 0:03:23]}
53. Be7 {[%clk 0:03:50]} Ke4 {[%clk 0:03:31]} 54. Bg5 {[%clk 0:03:48]} Nb6
{[%clk 0:03:33]} 55. g3 {[%clk 0:03:52]} f3+ {[%clk 0:03:41]} 56. Kf1
{[%clk 0:04:00]} Nd5 {[%clk 0:03:49]} 57. Ke1 {[%clk 0:04:05]} Nc3
{[%clk 0:03:56]} 58. a4 {[%clk 0:04:11]} Nxa4 {[%clk 0:04:03]} 59. g4
{[%clk 0:04:17]} hxg4 {[%clk 0:04:11]} 60. Kf1 {[%clk 0:04:26]} Nc3
{[%clk 0:04:18]} 61. Ke1 {[%clk 0:04:34]} a5 {[%clk 0:04:26]} 62. Be7
{[%clk 0:04:40]} a4 {[%clk 0:04:34]} 63. Bb4 {[%clk 0:04:49]} Nb5
{[%clk 0:04:42]} 64. Kf1 {[%clk 0:04:58]} a3 {[%clk 0:04:50]} 0-1

[Event "c14"]
[Site "?"]
[Date "2020.08.25"]
[Round "10.4"]
[White "Chyzy, Jakub"]
[Black "Matela, Krzysztof"]
[Result "1-0"]
[BlackElo "1706"]
[WhiteElo "1930"]
[LiveChessVersion "1.4.8"]

1. e4 d5 {[%clk 0:15:17]} 2. exd5 {[%clk 0:15:27]} Nf6 {[%clk 0:15:26]} 3. Bb5+
{[%clk 0:15:36]} Bd7 {[%clk 0:15:32]} 4. Be2 {[%clk 0:15:45]} Nxd5
{[%clk 0:15:28]} 5. d4 {[%clk 0:15:54]} e6 {[%clk 0:15:26]} 6. Nf3
{[%clk 0:16:00]} Nc6 {[%clk 0:15:32]} 7. O-O {[%clk 0:16:01]} Be7
{[%clk 0:15:41]} 8. c4 {[%clk 0:16:10]} Nf6 {[%clk 0:15:49]} 9. d5
{[%clk 0:15:57]} exd5 {[%clk 0:15:56]} 10. cxd5 {[%clk 0:16:06]} Nb4
{[%clk 0:16:05]} 11. Nc3 {[%clk 0:16:12]} O-O {[%clk 0:16:12]} 12. a3
{[%clk 0:16:15]} Na6 {[%clk 0:16:19]} 13. Bxa6 {[%clk 0:16:19]} bxa6
{[%clk 0:16:29]} 14. Be3 {[%clk 0:16:07]} Bb5 {[%clk 0:15:56]} 15. Re1
{[%clk 0:15:24]} Bc4 {[%clk 0:15:42]} 16. Bg5 {[%clk 0:13:41]} Re8
{[%clk 0:14:47]} 17. Qd4 {[%clk 0:12:29]} Bb3 {[%clk 0:13:46]} 18. Ne5
{[%clk 0:11:21]} Nxd5 {[%clk 0:10:57]} 19. Nc6 {[%clk 0:11:17]} Qd6
{[%clk 0:11:04]} 20. Nxe7+ {[%clk 0:11:21]} Nxe7 {[%clk 0:10:50]} 21. Qxd6
{[%clk 0:11:29]} cxd6 {[%clk 0:10:59]} 22. Rxe7 {[%clk 0:10:34]} f6
{[%clk 0:10:45]} 23. Rxe8+ {[%clk 0:10:33]} Rxe8 {[%clk 0:10:55]} 24. Be3
{[%clk 0:10:34]} Re7 {[%clk 0:10:58]} 25. Rc1 {[%clk 0:10:28]} h6
{[%clk 0:10:53]} 26. Ne2 {[%clk 0:10:25]} d5 {[%clk 0:10:48]} 27. Nd4
{[%clk 0:10:29]} Bc4 {[%clk 0:10:55]} 28. b3 {[%clk 0:10:37]} Bd3
{[%clk 0:11:03]} 29. Nc6 {[%clk 0:10:26]} Rb7 {[%clk 0:11:09]} 30. b4
{[%clk 0:10:27]} Rd7 {[%clk 0:11:13]} 31. Bxa7 {[%clk 0:09:03]} Kh7
{[%clk 0:11:18]} 32. Be3 {[%clk 0:08:54]} Kg6 {[%clk 0:11:19]} 33. f3
{[%clk 0:08:50]} h5 {[%clk 0:11:06]} 34. Kf2 {[%clk 0:08:28]} Bc4
{[%clk 0:10:59]} 35. Nd4 {[%clk 0:08:14]} Kf7 {[%clk 0:10:55]} 36. a4
{[%clk 0:08:11]} Rb7 {[%clk 0:10:59]} 37. Rb1 {[%clk 0:08:07]} g6
{[%clk 0:11:04]} 38. b5 {[%clk 0:08:11]} Ke7 {[%clk 0:11:01]} 39. Nc6+
{[%clk 0:08:08]} Kd6 {[%clk 0:11:04]} 40. Na5 {[%clk 0:08:15]} Re7
{[%clk 0:10:41]} 41. b6 {[%clk 0:08:21]} d4 {[%clk 0:10:48]} 42. Bxd4
{[%clk 0:08:20]} Re2+ {[%clk 0:10:56]} 43. Kg1 {[%clk 0:08:28]} Bd3
{[%clk 0:11:05]} 44. b7 {[%clk 0:08:33]} Bxb1 {[%clk 0:11:12]} 45. b8=Q+
{[%clk 0:08:40]} Kd5 {[%clk 0:11:21]} 46. Qd8+ {[%clk 0:08:38]} Ke6
{[%clk 0:11:24]} 47. Qe8+ {[%clk 0:08:42]} Kf5 {[%clk 0:11:33]} 48. Qxe2
{[%clk 0:08:49]} g5 {[%clk 0:11:42]} 49. Nc6 {[%clk 0:08:53]} Kg6
{[%clk 0:11:48]} 50. Qe8+ {[%clk 0:09:01]} Kf5 {[%clk 0:11:56]} 51. Ne7+
{[%clk 0:08:56]} Kf4 {[%clk 0:11:54]} 52. Qb8# {[%clk 0:09:01]} 1-0

[Event "c14"]
[Site "?"]
[Date "2020.08.25"]
[Round "10.5"]
[White "Fiszer, Bartosz"]
[Black "Jedraszek, Pawel"]
[Result "1-0"]
[BlackElo "1590"]
[WhiteElo "1890"]
[LiveChessVersion "1.4.8"]

1. e4 c5 2. Nf3 d6 3. d4 cxd4 4. Nxd4 Nf6 5. Nc3 a6 6. Bg5 e6 7. f4 h6 8. Bh4 Be7
9. Qf3 Qc7 10. O-O-O Nbd7 11. Be2 O-O 12. g4 b5 13. Rhg1 b4 14. g5 hxg5 15. Rxg5
bxc3 16. Rdg1 g6 17. Rxg6+ fxg6 18. Rxg6+ Kf7 19. Rg7+ Kxg7 20. Nxe6+ Kf7 21.
Nxc7 cxb2+ 22. Kb1 Bb7 23. Bc4+ d5 24. exd5 Bd6 25. Nxa8 Rxa8 26. Qh3 Re8 27. Qf5
Re4 28. Bd3 Bxd5 29. Bxe4 Bxe4 30. Qh3 Bxf4 31. Kxb2 Be5+ 32. Kb1 Nc5 33. Bxf6
Bxf6 34. Qc8 Ne6 35. Qxa6 Nd4 36. a4 Bxc2+ 37. Kc1 Bf5 38. a5 Kg6 39. Qa8 Nb3+
40. Kd1 Bg4+ 41. Kc2 Nd4+ 42. Kc1 Nb3+ 43. Kb1 Bf5+ 44. Ka2 Nc1+ 45. Ka3 Be7+ 46.
Kb2 Nd3+ 47. Kb3 Nc5+ 48. Kc4 Be6+ 49. Kd4 Nd7 50. a6 Bc5+ 51. Kc3 Nb6 52. Qc6
Nd5+ 53. Kd2 Bb4+ 54. Ke2 Nf4+ 55. Kf3 Kg5 56. a7 Bg4+ 57. Kf2 Nd3+ 58. Kg1 Bc5+
59. Qxc5+ Nxc5 60. a8=Q Ne6 61. Kf2 Bf5 62. Kg3 Ng7 63. h4+ Kg6 64. Kf4 Be6 65.
Qa5 Bf7 66. Qg5+ Kh7 67. Ke5 Nh5 68. Kd6 Bg6 69. Ke7 Kg7 70. Qe5+ Kg8 71. Qb8+
Kg7 72. Qb2+ Kg8 73. Qg2 Kg7 74. Qg5 Kh7 75. Kf8 Ng7 76. Qe7 Kh6 77. Qxg7+ Kh5
78. Qf6 Kh6 79. Qh8+ Bh7 80. Qg7+ Kh5 81. Qg5# 1-0

[Event "c14"]
[Site "?"]
[Date "2020.08.25"]
[Round "10.6"]
[White "Paszkowski, Krystian"]
[Black "Zdybel, Przemyslaw"]
[Result "0-1"]
[BlackElo "1455"]
[WhiteElo "1727"]
[LiveChessVersion "1.4.8"]

1. e4 c5 {[%clk 0:15:17]} 2. Nf3 {[%clk 0:15:26]} d6 {[%clk 0:15:23]} 3. Bb5+
{[%clk 0:15:34]} Bd7 {[%clk 0:15:28]} 4. Bxd7+ {[%clk 0:15:41]} Qxd7
{[%clk 0:15:36]} 5. c4 {[%clk 0:15:47]} Nc6 {[%clk 0:15:43]} 6. Nc3
{[%clk 0:15:37]} g6 {[%clk 0:15:50]} 7. d4 {[%clk 0:14:46]} cxd4 {[%clk 0:15:58]}
8. Nxd4 {[%clk 0:14:54]} Bg7 {[%clk 0:16:06]} 9. Be3 {[%clk 0:14:55]} Nf6
{[%clk 0:16:14]} 10. f3 {[%clk 0:14:40]} O-O {[%clk 0:16:18]} 11. O-O
{[%clk 0:14:22]} Rfd8 {[%clk 0:16:26]} 12. Qd2 {[%clk 0:13:30]} e6
{[%clk 0:16:33]} 13. Nxc6 {[%clk 0:07:31]} bxc6 14. Rad1 {[%clk 0:06:59]} d5
{[%clk 0:16:22]} 15. cxd5 {[%clk 0:06:45]} exd5 {[%clk 0:16:09]} 16. exd5
{[%clk 0:06:44]} Nxd5 {[%clk 0:15:58]} 17. Nxd5 {[%clk 0:06:44]} Qxd5
{[%clk 0:15:59]} 18. Qxd5 {[%clk 0:05:19]} Rxd5 {[%clk 0:14:50]} 19. Rxd5
{[%clk 0:04:02]} cxd5 {[%clk 0:14:59]} 20. Rd1 {[%clk 0:03:36]} d4
{[%clk 0:14:29]} 21. Bf2 {[%clk 0:03:10]} Rc8 {[%clk 0:14:37]} 22. g3
{[%clk 0:02:24]} a5 {[%clk 0:13:53]} 23. Rd2 {[%clk 0:01:51]} Rd8
{[%clk 0:09:27]} 24. Rd3 {[%clk 0:00:55]} f5 {[%clk 0:08:45]} 25. f4
{[%clk 0:00:39]} Kf7 {[%clk 0:08:44]} 26. Kf1 {[%clk 0:00:33]} Ke6
{[%clk 0:08:37]} 27. Ke2 {[%clk 0:00:30]} Kd5 {[%clk 0:08:26]} 28. Ra3
{[%clk 0:00:28]} Ke4 {[%clk 0:08:22]} 29. Rxa5 {[%clk 0:00:14]} d3+
{[%clk 0:07:48]} 30. Kd2 {[%clk 0:00:20]} Bxb2 {[%clk 0:07:51]} 31. Rb5
{[%clk 0:00:18]} Bc3+ {[%clk 0:07:37]} 32. Kd1 {[%clk 0:00:13]} Kf3
{[%clk 0:07:40]} 33. Be1 {[%clk 0:00:12]} d2 {[%clk 0:07:25]} 0-1

[Event "c14"]
[Site "?"]
[Date "2020.08.25"]
[Round "10.7"]
[White "Herwy, Jakub"]
[Black "Madajczak, Piotr"]
[Result "1/2-1/2"]
[BlackElo "1703"]
[WhiteElo "1615"]
[LiveChessVersion "1.4.8"]

1. e4 d5 2. exd5 Qxd5 3. Nc3 Qd6 4. d4 Nf6 5. Nb5 Qd8 6. c4 Bf5 7. Bf4 Na6 8. Nf3
e6 9. Bd3 Bxd3 10. Qxd3 c6 11. Nc3 c5 12. O-O cxd4 13. Qxd4 Qxd4 14. Nxd4 Be7 15.
Rfd1 O-O 16. Ndb5 Nc5 17. b4 Nce4 18. Nxe4 Nxe4 19. Rd4 Bf6 20. Rad1 Bxd4 21.
Rxd4 Rfd8 22. Nd6 Nxd6 23. Bxd6 f6 24. f4 Rd7 25. c5 Kf7 26. Kf2 a5 27. b5 Rad8
28. b6 Ke8 29. Ke3 a4 30. Kd3 a3 31. Kc4 Rc8 32. Kb4 Rc6 33. Kb5 Rdxd6 34. cxd6
Kd7 35. Ra4 Kxd6 36. Rxa3 Rc5+ 37. Kb4 Kc6 38. Re3 Rb5+ 39. Kc4 Rc5+ 40. Kb4 Rb5+
1/2-1/2

[Event "c14"]
[Site "?"]
[Date "2020.08.25"]
[Round "10.8"]
[White "Taranowicz, Michal"]
[Black "Kazmierowski, Tymon"]
[Result "0-1"]
[BlackElo "1574"]
[WhiteElo "1709"]
[LiveChessVersion "1.4.8"]

1. d4 {[%clk 0:15:16]} Nf6 {[%clk 0:15:19]} 2. Nf3 {[%clk 0:15:25]} e6
{[%clk 0:15:28]} 3. e3 {[%clk 0:15:13]} d5 {[%clk 0:15:35]} 4. c4
{[%clk 0:15:21]} Bd6 {[%clk 0:15:38]} 5. a3 {[%clk 0:15:25]} b6 {[%clk 0:15:37]}
6. Nc3 {[%clk 0:15:29]} Bb7 {[%clk 0:15:43]} 7. Bd3 {[%clk 0:15:18]} O-O
{[%clk 0:15:25]} 8. O-O {[%clk 0:15:25]} dxc4 {[%clk 0:15:33]} 9. Bxc4
{[%clk 0:15:34]} c5 {[%clk 0:15:42]} 10. Qe2 {[%clk 0:15:24]} Nc6
{[%clk 0:15:38]} 11. Rd1 {[%clk 0:15:27]} Qe7 {[%clk 0:15:42]} 12. Bd3
{[%clk 0:14:47]} Rfd8 {[%clk 0:15:09]} 13. dxc5 {[%clk 0:13:29]} Bxc5
{[%clk 0:15:15]} 14. b4 {[%clk 0:12:37]} Bd6 {[%clk 0:15:02]} 15. Nb5
{[%clk 0:12:31]} Ne5 {[%clk 0:14:15]} 16. Nxd6 {[%clk 0:12:13]} Nxf3+
{[%clk 0:14:20]} 17. gxf3 {[%clk 0:12:11]} Rxd6 {[%clk 0:14:28]} 18. Bb2
{[%clk 0:12:08]} Rad8 {[%clk 0:13:53]} 19. Rac1 {[%clk 0:11:44]} e5
{[%clk 0:09:22]} 20. Bb1 {[%clk 0:07:06]} Nd5 {[%clk 0:08:33]} 21. Rd3
{[%clk 0:05:38]} Qg5+ {[%clk 0:06:39]} 22. Kh1 {[%clk 0:04:39]} Qh5
{[%clk 0:06:29]} 23. Kg2 {[%clk 0:02:52]} e4 {[%clk 0:05:19]} 24. Rd4
{[%clk 0:00:33]} exf3+ {[%clk 0:05:16]} 25. Qxf3 {[%clk 0:00:40]} Nxe3+
{[%clk 0:05:21]} 26. fxe3 {[%clk 0:00:45]} Qxf3+ {[%clk 0:05:28]} 0-1

[Event "c14"]
[Site "?"]
[Date "2020.08.25"]
[Round "10.9"]
[White "Bancarewicz, Aleks"]
[Black "Wojdak, Jan"]
[Result "1/2-1/2"]
[BlackElo "1917"]
[WhiteElo "1647"]
[LiveChessVersion "1.4.8"]

1. e4 {[%clk 0:15:18]} d6 {[%clk 0:15:10]} 2. d4 {[%clk 0:15:24]} Nf6
{[%clk 0:15:18]} 3. Nc3 {[%clk 0:15:32]} c6 {[%clk 0:15:27]} 4. a4
{[%clk 0:14:49]} Nbd7 {[%clk 0:15:33]} 5. f4 {[%clk 0:14:35]} e5 {[%clk 0:15:36]}
6. Nf3 {[%clk 0:14:16]} exd4 {[%clk 0:15:15]} 7. Nxd4 {[%clk 0:14:04]} Nc5
{[%clk 0:15:14]} 8. Bd3 {[%clk 0:13:24]} Be7 {[%clk 0:15:05]} 9. O-O
{[%clk 0:11:29]} Nxd3 {[%clk 0:15:13]} 10. Qxd3 {[%clk 0:11:11]} O-O
{[%clk 0:15:20]} 11. Kh1 {[%clk 0:10:43]} Qa5 12. Nf5 Bxf5 {[%clk 0:12:48]} 13.
exf5 {[%clk 0:08:14]} d5 {[%clk 0:12:44]} 14. Be3 {[%clk 0:08:05]} Bc5
{[%clk 0:10:21]} 15. Bd4 {[%clk 0:06:07]} Bxd4 {[%clk 0:10:29]} 16. Qxd4
{[%clk 0:06:15]} c5 {[%clk 0:10:27]} 17. Qd3 {[%clk 0:05:52]} Rad8
{[%clk 0:10:18]} 18. Rae1 {[%clk 0:05:13]} c4 {[%clk 0:05:53]} 19. Qd4
{[%clk 0:04:17]} Qb6 {[%clk 0:06:02]} 20. Nb5 {[%clk 0:04:05]} Ne4
{[%clk 0:05:46]} 21. Rd1 {[%clk 0:02:25]} Qh6 {[%clk 0:05:48]} 22. Qe3
{[%clk 0:01:44]} a6 {[%clk 0:04:57]} 23. Nd4 {[%clk 0:01:48]} Rfe8
{[%clk 0:04:59]} 24. a5 {[%clk 0:01:04]} Qf6 {[%clk 0:03:54]} 25. Kg1
{[%clk 0:00:52]} Nd6 {[%clk 0:03:28]} 26. Qh3 {[%clk 0:01:00]} Nb5
{[%clk 0:03:31]} 27. c3 {[%clk 0:00:53]} Nxd4 {[%clk 0:03:28]} 28. Rxd4
{[%clk 0:01:02]} Re2 {[%clk 0:02:28]} 29. Rfd1 {[%clk 0:00:40]} Qe7
{[%clk 0:02:17]} 30. Qf3 {[%clk 0:00:31]} Rxb2 {[%clk 0:01:40]} 31. Rxd5
{[%clk 0:00:37]} Re8 {[%clk 0:01:35]} 32. Rd7 {[%clk 0:00:33]} Qc5+
{[%clk 0:01:44]} 33. Kf1 {[%clk 0:00:15]} Qxf5 {[%clk 0:01:43]} 34. Rd8
{[%clk 0:00:20]} Qe6 {[%clk 0:00:39]} 35. Rxe8+ {[%clk 0:00:26]} Qxe8 36. Re1 Qd7
{[%clk 0:00:48]} 37. Qe4 {[%clk 0:00:37]} h6 {[%clk 0:00:49]} 38. Qxc4
{[%clk 0:00:44]} Qg4 {[%clk 0:00:32]} 39. Qe4 {[%clk 0:00:45]} h5
{[%clk 0:00:24]} 40. f5 {[%clk 0:00:34]} Qxe4 {[%clk 0:00:25]} 41. Rxe4
{[%clk 0:00:44]} Rb5 {[%clk 0:00:34]} 42. Rb4 {[%clk 0:00:38]} Rxf5+
{[%clk 0:00:37]} 43. Ke2 {[%clk 0:00:47]} Rxa5 {[%clk 0:00:35]} 44. Rxb7 Ra2+
{[%clk 0:00:28]} 45. Kf3 {[%clk 0:01:05]} Ra3 {[%clk 0:00:33]} 46. Rc7
{[%clk 0:01:08]} g6 {[%clk 0:00:41]} 47. Kf4 {[%clk 0:01:05]} Kg7
{[%clk 0:00:46]} 48. Rc6 {[%clk 0:01:04]} a5 {[%clk 0:00:53]} 49. Ra6
{[%clk 0:01:04]} Rxc3 {[%clk 0:01:00]} 50. Rxa5 Rc2 {[%clk 0:01:08]} 51. Kf3
{[%clk 0:01:21]} f6 {[%clk 0:01:11]} 52. Ra6 {[%clk 0:01:27]} g5 {[%clk 0:01:19]}
53. Rb6 {[%clk 0:00:52]} Rc3+ {[%clk 0:01:12]} 54. Kf2 {[%clk 0:01:00]} Kg6
{[%clk 0:01:21]} 55. h3 {[%clk 0:00:43]} Rc5 {[%clk 0:01:01]} 56. Kf3
{[%clk 0:00:41]} Kf5 {[%clk 0:01:03]} 57. Ra6 {[%clk 0:00:40]} Ke5
{[%clk 0:01:11]} 58. Rb6 {[%clk 0:00:23]} Rc3+ {[%clk 0:01:19]} 59. Kf2
{[%clk 0:00:32]} Rc4 {[%clk 0:00:49]} 60. Kf3 {[%clk 0:00:26]} Rf4+
{[%clk 0:00:43]} 61. Ke3 {[%clk 0:00:25]} Rf1 {[%clk 0:00:47]} 62. Rb5+
{[%clk 0:00:33]} Ke6 {[%clk 0:00:56]} 63. Rb6+ {[%clk 0:00:38]} Kf5
{[%clk 0:01:05]} 64. Rb5+ {[%clk 0:00:45]} Kg6 {[%clk 0:01:14]} 65. Rb6
{[%clk 0:00:46]} Rc1 {[%clk 0:01:21]} 66. Rb5 {[%clk 0:00:35]} Rc3+
{[%clk 0:01:20]} 67. Kf2 {[%clk 0:00:42]} g4 {[%clk 0:01:29]} 68. hxg4
{[%clk 0:00:27]} hxg4 {[%clk 0:01:38]} 69. Ra5 {[%clk 0:00:32]} f5
{[%clk 0:01:43]} 70. Rb5 {[%clk 0:00:21]} Kg5 {[%clk 0:01:43]} 71. Ra5
{[%clk 0:00:28]} g3+ {[%clk 0:01:34]} 72. Ke2 {[%clk 0:00:31]} Kg4
{[%clk 0:01:43]} 73. Ra4+ {[%clk 0:00:26]} f4 {[%clk 0:01:50]} 74. Ra8
{[%clk 0:00:30]} Rc2+ {[%clk 0:01:59]} 75. Kf1 {[%clk 0:00:39]} Rf2+
{[%clk 0:01:46]} 76. Kg1 {[%clk 0:00:48]} Rd2 {[%clk 0:01:38]} 77. Kf1
{[%clk 0:00:27]} Rd1+ {[%clk 0:01:43]} 78. Ke2 {[%clk 0:00:36]} Rg1
{[%clk 0:01:52]} 79. Rg8+ {[%clk 0:00:43]} Kf5 {[%clk 0:01:58]} 80. Rf8+
{[%clk 0:00:40]} Kg5 {[%clk 0:02:07]} 81. Rg8+ {[%clk 0:00:47]} Kh6
{[%clk 0:02:16]} 82. Kf3 {[%clk 0:00:20]} Rf1+ {[%clk 0:02:25]} 83. Kg4
{[%clk 0:00:21]} Rf2 {[%clk 0:02:34]} 84. Rf8 {[%clk 0:00:15]} Rxg2
{[%clk 0:02:36]} 85. Rxf4 {[%clk 0:00:13]} Rg1 {[%clk 0:02:37]} 86. Ra4
{[%clk 0:00:13]} Kg6 {[%clk 0:02:44]} 87. Ra6+ {[%clk 0:00:15]} Kf7
{[%clk 0:02:53]} 88. Kf3 {[%clk 0:00:24]} g2 {[%clk 0:02:58]} 89. Kf2
{[%clk 0:00:31]} Rf1+ {[%clk 0:03:07]} 90. Kxg2 {[%clk 0:00:40]} Rf6
{[%clk 0:03:16]} 91. Rxf6+ {[%clk 0:00:49]} Kxf6 {[%clk 0:03:25]} 1/2-1/2